Trafalgar

Uloženo v:
Podrobná bibliografie
Hlavní autor: Pérez Galdós, Benito
Médium: Kniha
Jazyk:Undetermined
Vydáno: La Habana, Cuba Arte y Literatura 1983
Témata:
Tagy: Přidat tag
Žádné tagy, Buďte první, kdo vytvoří štítek k tomuto záznamu!

MARC

LEADER 00000nam a2200000Ia 4500
008 170316s9999 xx 000 0 und d
040 |a cru BVZT 
090 |a 862 P-14t 
100 |a Pérez Galdós, Benito 
245 |a Trafalgar 
260 |a La Habana, Cuba 
260 |b Arte y Literatura 
260 |c 1983 
300 |a 217 páginas 
650 |a LITERATURA ESPAÑOLA 
999 |c 10293  |d 10293 
942 |c 15 D  |h 862 P-14t  |2 z